| 000 | 00777nam a2200217 a 4500 | ||
|---|---|---|---|
| 005 | 20250626063859.0 | ||
| 008 | 121121s2006 mx r 000 0 spa d | ||
| 035 | _aUPN01000188833 | ||
| 049 | _aCG | ||
| 050 | 4 |
_aHQ35 _bA4.4 2006 |
|
| 100 | 1 |
_aAlmela, María _932876 |
|
| 245 | 1 | 0 |
_aInformándonos, acercándonos y entendiéndonos : _beducación para adolescentes urbanos / _cMaría Almela, Paola Hernández, Carlos Quintanilla. |
| 250 | _a2a ed. | ||
| 260 |
_aMéxico : _bSEP, Administración Federal de Servicios Educativos en el Distrito Federal : _bOEI, _c2006. |
||
| 300 | _a212 p. | ||
| 650 | 4 |
_aEducación sexual para adolescentes _94850 |
|
| 700 | 1 |
_aHernández, Paola, _ecoaut. |
|
| 700 | 1 |
_aQuintanilla, Carlos, _ecoaut. |
|
| 905 | _aLibro | ||
| 999 |
_c160936 _d160936 |
||